000 00626nam a2200193 4500
001 122004
003 ES-MaACL
005 20231204183649.0
007 t|
008 070214s1960 sp r ||||1| spa d
100 1 _aPost, Laurens van der.
_993350
245 1 3 _aEl mundo perdido del Kalahari /
_cLaurens van der Post ; traducción del inglés por Rafael Vázquez Zamora.
250 _a1ª. ed.
260 _aBarcelona :
_bDestino,
_c1960.
300 _a304 p., 10 lám. ;
_c22 cm.
700 1 _aVázquez Zamora, Rafael,
_d1911-1972
_9113498
852 _aES-MaACL
_jC-19216
_bR.47223
999 _c122004
_d122004